Advertising and promotion : an integrated marketing communications perspective

Spremljeno u:
Bibliografski detalji
Glavni autor: Belch, George E.
Format: Knjiga
Jezik:Vietnamese
Izdano: McGraw-Hill 2004
Oznake: Dodaj oznaku
Bez oznaka, Budi prvi tko označuje ovaj zapis!
Thư viện lưu trữ: Mạng thư viện Đại học Đà Nẵng
LEADER 00679nam a2200253 4500
001 000020974
003 17421
005 20150331150330.0
008 150331s2004 viesd
020 |c 00 
041 0 |a vie 
082 1 4 |a 659,1  |b BE-G 
100 1 |a Belch, George E. 
245 1 0 |a Advertising and promotion : an integrated marketing communications perspective  |c George E. Belch & Michael A. Belch. 
260 |b McGraw-Hill  |c 2004 
300 |a tr.  |c cm. 
OWN |a LSP 
999 |a From the UDN01 
TYP |a Monograph 
TYP |a Printed language 
980 |a Mạng thư viện Đại học Đà Nẵng